00755naa a22001457i 45000010005000000030009000050050017000140080040000310400026000710410008000971000134001052450184002397000128004237730058005519361KOSZ 00520180327101210.0160308s2012 uk ||||| ||||0|| ||eng  cKOSZ 005dKOSZ 005/EG0 aeng1 aCZYŻNIEWSKI, Andrzej.d1996 - .bPolitechnika Koszalińska - Instytut Mechatroniki, Nanotechnologii i Techniki Próżniowej,10aStructure and mechanical properties of PVD coatings deposited onto the X40CrMoV5-1 hot work tool steel substrate /cK. Lukaszkowicz, A. Czyżniewski, W. Kwaśny, M. Pancielejko.1 aPANCIELEJKO, Mieczysław.d1996 - .bPolitechnika Koszalińska - Wydział Mechaniczny,cKatedra Inżynierii Materiałowej0 iW:tVacuum. -g2012, Vol. 86, s. 1186-1194x0042-207X